| 000 | 00521nam a2200181Ia 4500 | ||
|---|---|---|---|
| 003 | GCL | ||
| 008 | 140319s9999 xx 000 0 eng d | ||
| 040 |
_aGCL / _cGCL |
||
| 082 | 0 | 4 |
_a720 _bT A |
| 100 | 1 | _aTRACHTENBERG, MARERN | |
| 245 | 1 | 0 |
_aARCHITECTURE: FROM PREHISTORY TO POST - MODERNISM THE WESTERN TRADITION / _cTRACHTENBERG, MARERN |
| 700 | 1 | _aHYMAN, ISABELLE | |
| 260 |
_a[S.N] : _bACADEMY EDITIONS ، _c1986 |
||
| 300 | _a606 P | ||
| 650 | 0 | 4 | _aARCHITECTURE |
| 650 | 0 | 4 | _aARCHITECTURE ARTS |
| 942 |
_2ddc _cBK |
||
| 999 |
_c12178 _d12178 |
||